Представление документа в формате MARC21

ПолеНазваниеЗначение
  Тип записи a
  Библиографический уровень m
001 Контрольный номер RU\infra-m\znanium\bibl\1841412
005 Дата корректировки 20230313235240.0
008 Кодируемые данные 220927s2021 RU g rus u
020 Индекс ISBN __
a ISBN 978-5-16-014119-0
020 Индекс ISBN __
a ISBN 978-5-16-107872-3
040 Источник каталогиз. __
a Служба первич. каталог. Общество с ограниченной ответственностью «ЗНАНИУМ»
041 Код языка издания __
a Код языка текста rus
044 Код страны публикации __
a Код страны публикации RU
080 Индекс УДК __
a Индекс УДК 617.5(075.8)
084 Индекс другой классификации/Индекс ББК __
2 Источник индекса rubbk
a Индекс другой классификации/Индекс ББК 54.57я73
084 Индекс другой классификации/Индекс ББК __
2 Источник индекса okso
a Индекс другой классификации/Индекс ББК 31.05.01
084 Индекс другой классификации/Индекс ББК __
2 Источник индекса okso
a Индекс другой классификации/Индекс ББК 31.08.67
100 Автор __
a Автор Авраменко Антон Алексеевич
q Полное имя Антон Алексеевич
245 Заглавие __
a Заглавие Хирургия: эпонимические симптомы и синдромы
b Продолж. заглавия Практическое пособие
c Ответственность Самарский государственный медицинский университет; Самарский государственный медицинский университет; Витебский государственный медицинский университет; Российский государственный университет правосудия г. Москва
250 Сведения об издании __
a Основные сведения об издании 1
260 Выходные данные __
a Место издания Москва
b Издательство ООО "Научно-издательский центр ИНФРА-М"
c Дата издания 2022
300 Физическое описание __
a Объем 1111 с.
440 Серия __
a Серия Высшее образование: Специалитет
520 Аннотация __
a Аннотация Руководство позволит врачам хирургического профиля получить информацию о значении эпонимных терминов с которыми они сталкиваются в практической работе и при изучении специальной медицинской литературы. Книга содержит 2008 эпонимических симптомов симптомокомплексов синдромов и болезней имеющих отношение к основным разделам хирургии. Состоит из двух частей. Первая часть относится к семиотике хирургических заболеваний и представлена их симптомами и признаками. Вторая часть руководства включает нозологические единицы которые распределены по восьми главам — разделам клинической хирургии — и систематизированы в алфавитном порядке. Приводятся их объяснение историческая справка данные по эпидемиологии заболеваний их этиологии и патогенезе и клинической картине. С позиций современной доказательной медицины представлена информация по диагностике лечению и профилактике основных хирургических болезней. В конце книги размещен предметный указатель благодаря которому читатель без труда найдет интересующий его термин.
521 Примеч. о цел. назн. __
a Примеч. о целев. назн. ВО - Специалитет
650 Тематические рубрики __
a Основная рубрика Медицина. Фармакология
x Основная подрубрика Хирургия
700 Другие авторы __
a Другие авторы Адыширин-Заде Эльхан Эмруллаевич
q Полное имя Эльхан Эмруллаевич
700 Другие авторы __
a Другие авторы Алексеев Денис Георгиевич
q Полное имя Денис Георгиевич
700 Другие авторы __
a Другие авторы Андреев Павел Сергеевич
q Полное имя Павел Сергеевич
700 Другие авторы __
a Другие авторы Байриков Иван Михайлович
q Полное имя Иван Михайлович
700 Другие авторы __
a Другие авторы Быстров Сергей Александрович
q Полное имя Сергей Александрович
700 Другие авторы __
a Другие авторы Гаранин Андрей Александрович
q Полное имя Андрей Александрович
700 Другие авторы __
a Другие авторы Грачев Борис Дмитриевич
q Полное имя Борис Дмитриевич
700 Другие авторы __
a Другие авторы Гусев Денис Олегович
q Полное имя Денис Олегович
700 Другие авторы __
a Другие авторы Ишутов Игорь Валерьевич
q Полное имя Игорь Валерьевич
700 Другие авторы __
a Другие авторы Каторкин Сергей Евгеньевич
q Полное имя Сергей Евгеньевич
700 Другие авторы __
a Другие авторы Колсанов Александр Владимирович
q Полное имя Александр Владимирович
700 Другие авторы __
a Другие авторы Корымасов Евгений Анатольевич
q Полное имя Евгений Анатольевич
700 Другие авторы __
a Другие авторы Макаров Игорь Валерьевич
q Полное имя Игорь Валерьевич
700 Другие авторы __
a Другие авторы Мякотных Максим Николаевич
q Полное имя Максим Николаевич
700 Другие авторы __
a Другие авторы Низамова Румия Сахабовна
q Полное имя Румия Сахабовна
700 Другие авторы __
a Другие авторы Повереннова Ирина Евгеньевна
q Полное имя Ирина Евгеньевна
700 Другие авторы __
a Другие авторы Повереннов Алексей Вячеславович
q Полное имя Алексей Вячеславович
700 Другие авторы __
a Другие авторы Савельев Александр Леонидович
q Полное имя Александр Леонидович
700 Другие авторы __
a Другие авторы Самуткина Марина Геннадьевна
q Полное имя Марина Геннадьевна
700 Другие авторы __
a Другие авторы Свечков Николай Александрович
q Полное имя Николай Александрович
700 Другие авторы __
a Другие авторы Сушков Сергей Альбертович
q Полное имя Сергей Альбертович
700 Другие авторы __
a Другие авторы Фролова Елена Владимировна
q Полное имя Елена Владимировна
700 Другие авторы __
a Другие авторы Хохлунов Сергей Михайлович
q Полное имя Сергей Михайлович
856 Электронный адрес документа 4_
a Имя сервера/домена znanium.com
m Помощь ebs_support@infra-m.ru
n Местонахождение сервера НИЦ ИНФРА-М
u URL https://znanium.com/catalog/document?id=387103
856 Электронный адрес документа 41
a Имя сервера/домена znanium.com
d Путь /cover/1841
f Электронное имя 1841412.jpg
q Тип электронного формата image/jpeg
u URL https://znanium.com/cover/1841/1841412.jpg
911 __
u 0030=https://znanium.com/catalog/document?id=387103
911 __
u 608a=Практическое пособие
u 6082=local
911 __
u 712a=Самарский государственный медицинский университет
911 __
u 712a=Витебский государственный медицинский университет
911 __
u 712a=Российский государственный университет правосудия г. Москва
911 __
u 9031=412
911 __
u 951p=s://znanium.com/catalog/document?id=387103&pid=